| 000 | 00819nas a2200277 4500 | ||
|---|---|---|---|
| 001 | BR0301843 | ||
| 003 | BR-BrBNA | ||
| 005 | 20231205103706.0 | ||
| 007 | ta | ||
| 008 | 230509b bl.|||p| |||| 00| 00por d | ||
| 040 |
_aBR-BrBNA _bpor _cBiblioteca Nacional de Agricultura |
||
| 041 | _a(Pt) | ||
| 072 | _aF01 | ||
| 100 | 1 | _aLeite, G.B. | |
| 100 | 1 | _aPetri, J.L. | |
| 100 | 1 | _aMondardo, M. | |
| 245 | 1 | _aEfeito da tela antigranizo em algumas características dos frutos de macieira | |
| 650 | _aMAÇÃ | ||
| 650 | _aPRÁTICA CULTURAL | ||
| 650 | _aGRANIZO | ||
| 650 | _aDANO PELO FRIO | ||
| 650 | _aSANTA CATARINA | ||
| 773 | 0 |
_tRevista Brasileira de Fruticultura (Brazil) _xISSN 0100-2945 _g(Dec 2002), v. 24(3) p. 714-716 _wBR0301843 |
|
| 909 |
_a202311 _bLúcia _c55 _dLúcia Elande |
||
| 942 |
_2AGRIS _n0 _cANA |
||
| 999 |
_c174244 _d174244 |
||